Working mothers / (Record no. 4059)

MARC details
000 -LEADER
fixed length control field 00607nam a2200181 4500
001 - CONTROL NUMBER
control field 4881
005 - DATE AND TIME OF LATEST TRANSACTION
control field 20181127174329.0
090 00 - LOCALLY ASSIGNED LC-TYPE CALL NUMBER (OCLC); LOCAL CALL NUMBER (RLIN)
Classification number (OCLC) (R) ; Classification number, CALL (RLIN) (NR) POL.SCI CAP No.38
245 00 - TITLE STATEMENT
Title Working mothers /
Remainder of title
Statement of responsibility, etc. Student Work.
Medium
260 00 - PUBLICATION, DISTRIBUTION, ETC.
Place of publication, distribution, etc. [Thimphu] :
Name of publisher, distributor, etc. [Royal Thimphu College],
Date of publication, distribution, etc. 2015.
300 ## - PHYSICAL DESCRIPTION
Extent 38 leaves.
Other physical details
Dimensions
Accompanying material
500 ## - GENERAL NOTE
General note Recommended.
General note Student research project for BA, Political Science(Capstone Project):(2015): DOlma Roder, lecturer.
General note Spiral-bound xerographic copy.
650 ## - SUBJECT ADDED ENTRY--TOPICAL TERM
Topical term or geographic name entry element Capstone Project.
Form subdivision
General subdivision
Chronological subdivision
Geographic subdivision
Source of heading or term
Topical term or geographic name entry element Mothers --Employment
Form subdivision
General subdivision
Chronological subdivision
Geographic subdivision Bhutan.
Source of heading or term
Topical term or geographic name entry element Mothers.
Form subdivision
General subdivision
Chronological subdivision
Geographic subdivision
Source of heading or term
Holdings
Withdrawn status Lost status Damaged status Not for loan Collection code Home library Current library Shelving location Date acquired Serial Enumeration / chronology Inventory number Total Checkouts Full call number Barcode Date last seen Date last checked out Price effective from Koha item type
        Student work RTC Library RTC Library Student work 30/08/2023 7695 4 POL SCI CAP No. 38STUDENT WORK 30008047 11/09/2023 30/08/2023 27/11/2018 Student Work
Royal Thimphu College || All Right Reserved